| 000 | 00000nam##2200000za#4500 |
| 001 | 9.571038 |
| 003 | CaOODSP |
| 005 | 20210624182529 |
| 007 | cr ||||||||||| |
| 008 | 150406|2003||||xxc|||||o f|0| 0 eng|d |
| 040 | |aCaOODSP|beng |
| 043 | |an-cn--- |
| 086 | 1 |aYC17-0/372-14E-PDF |
| 110 | 1 |aCanada. |bParliament. |bSenate. |bStanding Committee on Social Affairs, Science and Technology. |
| 245 | 10|aReforming health protection and promotion in Canada : |h[electronic resource]|btime to act / |cThe Honourable Michael J.L. Kirby, chair ; the Honourable Marjory LeBreton, deputy chair. |
| 246 | 3 |aReport of the Standing Senate Committee on Social Affairs, Science and Technology |
| 260 | |aOttawa - Ontario : |bSenate. |cNovember 2003. |
| 300 | |a75p.|bfig., references, tables |
| 490 | 1 |aReport of the Standing Senate Committee on Social Affairs, Science and Technology|v37th Parliament, 2nd Session, [14th report] |
| 590 | |a11-12-Supp|b2011-07-29 |
| 775 | 08|tRéforme de la protection et de la promotion de la santé au Canada : |w(CaOODSP)9.601681 |
| 830 | #0|aReport of the Standing Senate Committee on Social Affairs, Science and Technology ;|v37th Parliament, 2nd Session, [14th report]|w(CaOODSP)9.505256 |
| 856 | 40|ahttp://publications.gc.ca|qPDF|s536 KB|uhttps://publications.gc.ca/collections/collection_2011/sen/yc17-0/YC17-0-372-14-eng.pdf|y37th Parliament, 2nd Session, [14th report] |